[Event "WJCC U20 Girls 2019"]
[Site "New Delhi"]
[Date "2019.10.17"]
[Round "3.42"]
[White "Fretel, Liza"]
[Black "Du Plessis, Anika"]
[Result "1-0"]
[WhiteElo "1877"]
[BlackElo "1594"]
[Annotator "NA RC"]
[PlyCount "129"]
[EventDate "2019.10.15"]
[EventType "swiss"]
[EventCountry "IND"]
[SourceTitle "playchess.com"]
[Source "ChessBase"]
[SourceQuality "1"]
[TimeControl "40/5400+30:1800+30"]

1. d4 {[%emt 0:00:00]} d5 {[%emt 0:00:00]} 2. Bf4 {[%emt 0:00:00]} Nf6 {[%emt 0:00:17]} 3. e3 {[%emt 0:00:37]} c5 {[%emt 0:03:11]} 4. c3 {[%emt 0:00:45]} Nc6 {[%emt 0:01:20]} 5. Nd2 {[%emt 0:00:13]} e6 {[%emt 0:03:04]} 6. Bd3 {[%emt 0:01:20]} cxd4 {[%emt 0:03:57]} 7. exd4 {[%emt 0:00:09]} Bd7 {[%emt 0:01:43] B13: Caro-Kann: Exchange Variation and Panov-Botvinnik Attack} (7... Bd6 8. Bxd6 Qxd6 9. Ngf3 Nh5 10. O-O g6 11. Re1 f6 12. c4 Kf7 13. a3 b6 14. b4 Nf4 15. Bf1 g5 16. g3 Ng6 {0-1 (51) Laznicka,V (2675)-Sanal,V (2490) Skopje 2018}) 8. Ngf3 {[%emt 0:01:21]} Qb6 {[%emt 0:02:39]} 9. Qb3 {[%emt 0:03:45]} Qxb3 {[%emt 0:02:58]} 10. axb3 {[%emt 0:00:10]} Nh5 {[%emt 0:03:03]} 11. Bg3 {[%emt 0:04:26]} h6 $146 {[%emt 0:04:40]} ({Predecessor:} 11... Nxg3 12. hxg3 h6 {1-0 (43) Vager,B (2112)-Henrichsen,E (1940) Kaunas 2012}) 12. b4 {[%emt 0:06:49]} Nxg3 {[%emt 0:06:56]} 13. hxg3 {[%emt 0:00:06]} Bd6 {[%emt 0:00:59]} 14. b5 {[%emt 0:01:56]} Ne7 {[%emt 0:02:34]} 15. g4 {[%emt 0:12:04]} Rg8 {[%emt 0:28:49]} 16. O-O {[%emt 0:19:34]} Nc8 {[%emt 0:05:55]} 17. Ne5 {[%emt 0:08:38]} Nb6 {[%emt 0:02:36]} 18. f4 {[%emt 0:00:49]} Ke7 {[%emt 0:08:29]} 19. f5 {[%emt 0:10:53]} Bc7 {[%emt 0:00:44]} 20. Nb3 {[%emt 0:02:33]} Bxe5 {[%emt 0:03:30]} 21. dxe5 {[%emt 0:00:05]} Nc4 {[%emt 0:02:14]} 22. Bxc4 {[%emt 0:00:44]} dxc4 {[%emt 0:00:04]} 23. Nd4 {[%emt 0:00:12]} a6 {[%emt 0:03:32]} 24. b6 {[%emt 0:03:53]} a5 {[%emt 0:00:53]} 25. fxe6 {[%emt 0:04:57]} Bxe6 {[%emt 0:00:38]} 26. Nxe6 {[%emt 0:02:20]} Kxe6 {[%emt 0:00:04]} 27. Rad1 {[%emt 0:04:46]} Rgd8 {[%emt 0:02:27]} 28. Rd6+ {[%emt 0:01:29]} Rxd6 {[%emt 0:00:04]} 29. exd6 {[%emt 0:00:04]} Rd8 {[%emt 0:00:46]} 30. Rf5 {[%emt 0:01:47]} Rxd6 {[%emt 0:02:20]} 31. Rxa5 {[%emt 0:00:25]} Rxb6 {[%emt 0:01:19]} 32. Rc5 {[%emt 0:00:32]} Rxb2 {[%emt 0:00:54]} 33. Rxc4 {[%emt 0:00:05]} Rb6 {[%emt 0:00:46]} 34. Kf2 {[%emt 0:01:20]} Rc6 {[%emt 0:00:36]} 35. Re4+ {[%emt 0:00:28]} Kd5 {[%emt 0:01:21]} 36. Re7 {[%emt 0:01:58]} Rf6+ {[%emt 0:00:30]} 37. Kg3 {[%emt 0:00:43]} b6 {[%emt 0:00:55]} 38. Rd7+ {[%emt 0:02:22]} Kc6 {[%emt 0:00:19]} 39. Re7 {[%emt 0:00:27]} Kd6 {[%emt 0:00:06]} 40. Rb7 {[%emt 0:00:09]} Kc6 {[%emt 0:00:13]} 41. Re7 {[%emt 0:30:12]} b5 {[%emt 0:32:17]} 42. Ra7 {[%emt 0:04:57]} Kb6 {[%emt 0:00:00]} 43. Re7 {[%emt 0:00:00]} Rc6 {[%emt 0:00:00]} 44. Re3 {[%emt 0:00:00]} Rc7 {[%emt 0:00:00]} 45. Kf2 {[%emt 0:00:00]} Kc5 {[%emt 0:00:00]} 46. Ke2 {[%emt 0:00:00]} Rd7 {[%emt 0:00:00]} 47. Re4 {[%emt 0:00:00]} Rd6 {[%emt 0:00:00]} 48. Rb4 {[%emt 0:00:00]} Re6+ {[%emt 0:00:00]} 49. Kf2 {[%emt 0:00:00]} Ra6 {[%emt 0:00:00]} 50. Rf4 {[%emt 0:00:00]} Ra3 $2 {[%emt 0:00:00]} (50... Ra2+ $19 51. Kf1 f6) 51. Rxf7 {[%emt 0:00:00]} Rxc3 {[%emt 0:00:00]} 52. Rxg7 {[%emt 0:00:00]} Kc4 {[%emt 0:00:00]} 53. Rh7 {[%emt 0:00:00]} Kb3 {[%emt 0:00:00]} 54. Rxh6 {[%emt 0:00:00]} b4 {[%emt 0:00:00]} 55. Rb6 {[%emt 0:00:00]} Ka3 {[%emt 0:00:00]} 56. g5 {[%emt 0:00:00]} b3 {[%emt 0:00:00]} 57. g6 {[%emt 0:00:00]} Rc7 $11 {[%emt 0:00:00]} 58. Ke3 {[%emt 0:00:00]} Ka2 {[%emt 0:00:00]} 59. Kf4 {[%emt 0:01:53]} b2 {[%emt 0:01:24]} 60. g4 {[%emt 0:00:38]} Rc4+ {[%emt 0:01:35]} 61. Kg5 {[%emt 0:00:15]} Rc5+ {[%emt 0:03:52]} 62. Kh6 {[%emt 0:00:35]} Rc4 {[%emt 0:01:24]} 63. Kh5 {[%emt 0:00:38]} Rc5+ {[%emt 0:01:20]} 64. g5 {[%emt 0:00:10]} Rc7 {[%emt 0:00:56]} 65. Kh6 {[%emt 0:00:23]} 1-0

[Event "WJCC U20 Girls 2019"]
[Site "New Delhi"]
[Date "2019.10.17"]
[Round "3.43"]
[White "Ghosh Samriddhaa"]
[Black "Reid, Caitlin"]
[Result "1-0"]
[WhiteElo "1867"]
[BlackElo "1489"]
[Annotator "NA"]
[PlyCount "47"]
[EventDate "2019.10.15"]
[EventType "swiss"]
[EventCountry "IND"]
[SourceTitle "playchess.com"]
[Source "ChessBase"]
[SourceQuality "1"]
[TimeControl "40/5400+30:1800+30"]

1. e4 {[%emt 0:00:00]} c5 {[%emt 0:00:00]} 2. Nf3 {[%emt 0:00:00]} Nc6 {[%emt 0:00:00]} 3. d4 {[%emt 0:00:00]} cxd4 {[%emt 0:00:04]} 4. Nxd4 {[%emt 0:00:05]} Nf6 {[%emt 0:00:40]} 5. Nc3 {[%emt 0:00:12]} e5 {[%emt 0:01:28]} 6. Ndb5 {[%emt 0:00:44]} d6 {[%emt 0:01:40]} 7. Bg5 {[%emt 0:00:37]} a6 {[%emt 0:01:01]} 8. Na3 {[%emt 0:00:23]} h6 {[%emt 0:01:50]} 9. Bxf6 {[%emt 0:04:39]} Qxf6 {[%emt 0:00:34]} 10. Nd5 {[%emt 0:05:25]} Qd8 {[%emt 0:00:14]} 11. Nc4 {[%emt 0:03:05]} b5 {[%emt 0:00:40]} 12. Nce3 {[%emt 0:02:20]} Be7 {[%emt 0:09:41]} 13. c3 {[%emt 0:08:43]} O-O {[%emt 0:01:37]} 14. a4 {[%emt 0:04:23]} Rb8 {[%emt 0:05:43]} 15. axb5 {[%emt 0:04:46]} axb5 {[%emt 0:00:08]} 16. b4 {[%emt 0:00:12]} f5 {[%emt 0:00:33]} 17. exf5 {[%emt 0:08:14]} Bxf5 {[%emt 0:00:15]} 18. Be2 {[%emt 0:03:22]} Be4 {[%emt 0:10:20]} 19. f3 {[%emt 0:13:05]} Bg6 {[%emt 0:01:24]} 20. Ra6 {[%emt 0:03:47]} Bh4+ {[%emt 0:08:00]} 21. g3 {[%emt 0:06:54]} Qc8 {[%emt 0:00:50]} 22. Rxc6 {[%emt 0:07:28]} Bxg3+ {[%emt 0:00:14]} 23. hxg3 {[%emt 0:00:08]} Qxc6 {[%emt 0:00:08]} 24. Ne7+ {[%emt 0:00:05]} 1-0

[Event "WJCC U20 Girls 2019"]
[Site "New Delhi"]
[Date "2019.10.17"]
[Round "3.44"]
[White "Rousseau, Christilla"]
[Black "Rindhiya V"]
[Result "1/2-1/2"]
[WhiteElo "1648"]
[BlackElo "1817"]
[Annotator "NA RC"]
[PlyCount "98"]
[EventDate "2019.10.15"]
[EventType "swiss"]
[EventCountry "IND"]
[SourceTitle "playchess.com"]
[Source "ChessBase"]
[SourceQuality "1"]
[TimeControl "40/5400+30:1800+30"]

1. d4 {[%emt 0:00:00]} f5 {[%emt 0:00:00]} 2. Bf4 {[%emt 0:03:58]} Nf6 {[%emt 0:00:00]} 3. e3 {[%emt 0:00:20]} e6 {[%emt 0:00:02]} 4. c3 {[%emt 0:01:30]} (4. Be2 Nc6 5. Nf3 Ne7 6. O-O Ng6 7. c4 b6 8. Nc3 Bb4 9. Rc1 Bb7 10. Nb5 Nxf4 11. exf4 a6 {½-½ (53) Ni,H (2668)-Maghsoodloo,P (2656) Abu Dhabi 2019}) 4... d5 {[%emt 0:00:14]} 5. Nd2 {[%emt 0:00:37]} Be7 {[%emt 0:00:14]} 6. Ngf3 {[%emt 0:01:00] A80: Dutch Defence: Unusual White second moves} O-O {[%emt 0:00:16]} 7. h3 {[%emt 0:01:15]} Ne4 {[%emt 0:00:19]} 8. Bd3 {[%emt 0:01:33]} b6 {[%emt 0:01:16]} 9. Rc1 $146 {[%emt 0:02:11]} ({Predecessor:} 9. Ne5 Bb7 10. Ndf3 Nd7 11. g4 c5 12. gxf5 exf5 13. Rg1 cxd4 14. exd4 Bf6 15. Qe2 Rc8 16. O-O-O a5 17. Bb5 Nxe5 18. dxe5 Qc7 {1-0 (18) Basso,L (1826)-Antignani,L (1985) Giugliano 2009}) 9... Bb7 {[%emt 0:01:36]} 10. Ne5 {[%emt 0:06:01]} Nd7 {[%emt 0:04:39]} 11. Nxd7 {[%emt 0:04:14]} Qxd7 {[%emt 0:00:05]} 12. Nf3 {[%emt 0:00:17]} c5 {[%emt 0:07:16]} 13. Ne5 {[%emt 0:01:24]} Qd8 {[%emt 0:01:15]} 14. O-O {[%emt 0:02:18]} Nf6 {[%emt 0:14:05]} 15. Re1 {[%emt 0:09:05]} c4 {[%emt 0:05:48]} 16. Bf1 {[%emt 0:05:45]} b5 {[%emt 0:02:47]} 17. b3 {[%emt 0:13:41]} Qa5 {[%emt 0:07:20]} 18. Qc2 {[%emt 0:02:39]} Rac8 {[%emt 0:09:31]} 19. b4 {[%emt 0:03:34]} Qa3 {[%emt 0:00:48]} 20. f3 {[%emt 0:05:45]} a5 {[%emt 0:00:55]} 21. bxa5 {[%emt 0:01:20]} Qxa5 {[%emt 0:01:06]} 22. g4 {[%emt 0:00:28]} g6 {[%emt 0:12:52]} 23. Bh6 {[%emt 0:10:19]} Rfd8 {[%emt 0:01:10]} 24. Qf2 {[%emt 0:00:50]} Nd7 {[%emt 0:06:12]} 25. Qg3 {[%emt 0:04:53]} Qc7 {[%emt 0:01:34]} 26. f4 {[%emt 0:00:55]} Nxe5 {[%emt 0:03:40]} 27. fxe5 {[%emt 0:00:06]} b4 {[%emt 0:01:30]} 28. gxf5 {[%emt 0:04:21]} exf5 {[%emt 0:00:07]} 29. Re2 {[%emt 0:00:50]} bxc3 {[%emt 0:02:34]} 30. Rf2 {[%emt 0:00:52]} Qd7 {[%emt 0:02:40]} 31. h4 {[%emt 0:00:20]} Kf7 {[%emt 0:02:27]} 32. Bh3 {[%emt 0:01:25]} Rg8 {[%emt 0:05:24]} 33. Kh2 {[%emt 0:00:22]} Qe6 {[%emt 0:00:37]} 34. Rcf1 {[%emt 0:05:10]} Ke8 {[%emt 0:01:18]} 35. Rg1 {[%emt 0:02:38]} Kd7 {[%emt 0:00:24]} 36. Rb1 {[%emt 0:02:16]} Kc7 {[%emt 0:00:34]} 37. Rc2 {[%emt 0:01:18]} Bc6 {[%emt 0:00:36]} 38. Rxc3 {[%emt 0:01:32]} Rb8 {[%emt 0:00:09]} 39. Rcc1 {[%emt 0:00:05]} Rxb1 {[%emt 0:01:20]} 40. Rxb1 {[%emt 0:00:05]} c3 {[%emt 0:03:45]} 41. Qe1 {[%emt 0:06:32]} Ra8 $1 {[%emt 0:02:14]} 42. Qxc3 {[%emt 0:02:41]} Rxa2+ {[%emt 0:00:04]} 43. Kg3 {[%emt 0:01:02]} Qc8 {[%emt 0:06:37]} 44. Bg2 {[%emt 0:04:27]} Kd7 $2 {[%emt 0:02:20]} (44... f4+ $1 $11 45. Bxf4 Rxg2+ {[%mdl 64] Decoy} 46. Kxg2 Qg4+ {[%mdl 64] Double Attack} 47. Kh2 Qxh4+ 48. Kg2 Qg4+ 49. Kf2 Bh4+ 50. Kf1 g5) 45. Bf1 {[%emt 0:02:32]} (45. Rc1 $142 Bb7 46. Qxc8+ {[%mdl 64] Overworked Piece} Bxc8 47. Bxd5) 45... Ra7 $2 {[%emt 0:15:55]} (45... Ra8 46. Bf4 Ba4) 46. Bb5 {[%emt 0:04:13]} (46. Rc1 $142) 46... Rc7 {[%emt 0:00:50]} 47. Qb3 $18 {[%emt 0:02:51]} Ke6 {[%emt 0:03:22]} 48. Bxc6 {[%emt 0:06:32]} Rxc6 {[%emt 0:00:01]} 49. Qb7 {[%emt 0:00:09]} Qxb7 {[%emt 0:02:18]} 1/2-1/2

[Event "WJCC U20 Girls 2019"]
[Site "New Delhi"]
[Date "2019.10.17"]
[Round "3.45"]
[White "Jayaweera, Sayuni Gihansa"]
[Black "Yaakub, Nov Genevia Pslam"]
[Result "1-0"]
[WhiteElo "1788"]
[BlackElo "1316"]
[Annotator "NA"]
[PlyCount "71"]
[EventDate "2019.10.15"]
[EventType "swiss"]
[EventCountry "IND"]
[SourceTitle "playchess.com"]
[Source "ChessBase"]
[SourceQuality "1"]
[TimeControl "40/5400+30:1800+30"]

1. d4 {[%emt 0:00:00]} d5 {[%emt 0:00:00]} 2. c4 {[%emt 0:00:00]} c6 {[%emt 0:00:00]} 3. Nf3 {[%emt 0:00:00]} Nf6 {[%emt 0:00:16]} 4. Qc2 {[%emt 0:00:18]} e6 {[%emt 0:00:38]} 5. g3 {[%emt 0:00:11]} b6 {[%emt 0:01:32]} 6. Bg2 {[%emt 0:00:49]} Bb7 {[%emt 0:00:41]} 7. O-O {[%emt 0:00:27]} Be7 {[%emt 0:00:34]} 8. Nbd2 {[%emt 0:02:51]} Nbd7 {[%emt 0:01:18]} 9. e4 {[%emt 0:01:11]} dxe4 {[%emt 0:03:43]} 10. Nxe4 {[%emt 0:00:14]} c5 {[%emt 0:02:25]} 11. Nxf6+ {[%emt 0:00:57]} Nxf6 {[%emt 0:00:33]} 12. dxc5 {[%emt 0:06:34]} Bxc5 {[%emt 0:01:02]} 13. Ne5 {[%emt 0:02:43]} Bxg2 {[%emt 0:04:54]} 14. Qa4+ {[%emt 0:00:09]} Kf8 {[%emt 0:18:34]} 15. Kxg2 {[%emt 0:00:14]} Qc7 {[%emt 0:04:06]} 16. Bf4 {[%emt 0:02:17]} Bd6 {[%emt 0:08:10]} 17. Nd3 {[%emt 0:02:01]} Rd8 {[%emt 0:03:17]} 18. Rad1 {[%emt 0:01:57]} Bxf4 {[%emt 0:03:48]} 19. Nxf4 {[%emt 0:00:08]} Rxd1 {[%emt 0:02:05]} 20. Rxd1 {[%emt 0:00:18]} h5 {[%emt 0:04:12]} 21. h4 {[%emt 0:03:26]} g6 {[%emt 0:04:53]} 22. Qa3+ {[%emt 0:01:20]} Kg7 {[%emt 0:02:04]} 23. b3 {[%emt 0:01:19]} Ne4 {[%emt 0:11:10]} 24. Qb2+ {[%emt 0:04:35]} Kh7 {[%emt 0:01:59]} 25. Qd4 {[%emt 0:00:37]} Nc5 {[%emt 0:05:01]} 26. Qd6 {[%emt 0:01:59]} Qb7+ {[%emt 0:03:22]} 27. f3 {[%emt 0:00:10]} Rc8 {[%emt 0:01:31]} 28. b4 {[%emt 0:00:54]} Na6 {[%emt 0:02:21]} 29. Qd7 {[%emt 0:01:01]} Rc7 {[%emt 0:01:06]} 30. Qb5 {[%emt 0:00:24]} Nb8 {[%emt 0:01:52]} 31. Nxh5 {[%emt 0:04:48]} gxh5 {[%emt 0:07:41]} 32. Qxh5+ {[%emt 0:00:03]} Kg7 {[%emt 0:00:17]} 33. Qg5+ {[%emt 0:00:01]} Kh7 {[%emt 0:00:12]} 34. Rd8 {[%emt 0:00:06]} Rc8 {[%emt 0:01:07]} 35. Qg8+ {[%emt 0:01:02]} Kh6 {[%emt 0:00:04]} 36. Rxc8 {[%emt 0:00:08]} 1-0

[Event "WJCC U20 Girls 2019"]
[Site "New Delhi"]
[Date "2019.10.17"]
[Round "3.46"]
[White "Abdala Cancino, Patricia Anastas"]
[Black "Figueroa Bernal, Julia Dennis"]
[Result "1-0"]
[WhiteElo "1608"]
[BlackElo "1777"]
[Annotator "NA"]
[PlyCount "115"]
[EventDate "2019.10.15"]
[EventType "swiss"]
[EventCountry "IND"]
[SourceTitle "playchess.com"]
[Source "ChessBase"]
[SourceQuality "1"]
[TimeControl "40/5400+30:1800+30"]

1. e4 {[%emt 0:01:22]} c5 {[%emt 0:00:00]} 2. d3 {[%emt 0:03:02]} e6 {[%emt 0:00:00]} 3. c3 {[%emt 0:00:36]} d5 {[%emt 0:00:52]} 4. Nd2 {[%emt 0:00:22]} Nc6 {[%emt 0:00:15]} 5. Ngf3 {[%emt 0:00:17]} Nf6 {[%emt 0:00:18]} 6. Qe2 {[%emt 0:00:24]} Be7 {[%emt 0:00:14]} 7. g3 {[%emt 0:00:15]} b6 {[%emt 0:00:27]} 8. Bg2 {[%emt 0:00:12]} Bb7 {[%emt 0:00:09]} 9. O-O {[%emt 0:00:29]} Qc7 {[%emt 0:00:31]} 10. Re1 {[%emt 0:00:20]} h6 {[%emt 0:03:50]} 11. Nf1 {[%emt 0:01:54]} g5 {[%emt 0:05:35]} 12. h4 {[%emt 0:01:57]} gxh4 {[%emt 0:01:32]} 13. Nxh4 {[%emt 0:00:18]} O-O-O {[%emt 0:01:36]} 14. Nh2 {[%emt 0:01:32]} Ba6 {[%emt 0:07:03]} 15. e5 {[%emt 0:01:16]} Nd7 {[%emt 0:00:17]} 16. N2f3 {[%emt 0:00:17]} Rdg8 {[%emt 0:15:23]} 17. Bf4 {[%emt 0:03:49]} Rg7 {[%emt 0:08:39]} 18. Qe3 {[%emt 0:02:38]} Bg5 {[%emt 0:17:35]} 19. d4 {[%emt 0:05:32]} Qd8 {[%emt 0:02:49]} 20. Rac1 {[%emt 0:01:23]} c4 {[%emt 0:03:21]} 21. Kh2 {[%emt 0:03:14]} Ne7 {[%emt 0:07:13]} 22. Nxg5 {[%emt 0:09:38]} Nf5 {[%emt 0:05:41]} 23. Nxe6 {[%emt 0:02:22]} Nxe3 {[%emt 0:10:18]} 24. Nxd8 {[%emt 0:00:28]} Nxg2 {[%emt 0:00:11]} 25. Kxg2 {[%emt 0:01:03]} Kxd8 {[%emt 0:01:08]} 26. Nf5 {[%emt 0:00:27]} Rg6 {[%emt 0:00:55]} 27. Rh1 {[%emt 0:02:39]} h5 {[%emt 0:00:39]} 28. Rh2 {[%emt 0:02:22]} Nf8 {[%emt 0:05:01]} 29. Rch1 {[%emt 0:00:41]} Ne6 {[%emt 0:00:21]} 30. Bc1 {[%emt 0:00:33]} Ng7 {[%emt 0:00:43]} 31. Nxg7 {[%emt 0:00:21]} Rxg7 {[%emt 0:00:05]} 32. Rxh5 {[%emt 0:00:05]} Rhg8 {[%emt 0:00:15]} 33. Rh8 {[%emt 0:00:28]} Bc8 {[%emt 0:00:23]} 34. Rxg8+ {[%emt 0:02:12]} Rxg8 {[%emt 0:00:07]} 35. Rh5 {[%emt 0:00:24]} b5 {[%emt 0:02:21]} 36. Bg5+ {[%emt 0:00:35]} Ke8 {[%emt 0:00:59]} 37. Bf6 {[%emt 0:00:18]} Bg4 {[%emt 0:01:07]} 38. Rg5 {[%emt 0:00:55]} Rxg5 {[%emt 0:00:06]} 39. Bxg5 {[%emt 0:00:06]} Bd1 {[%emt 0:00:18]} 40. Kh3 {[%emt 0:04:43]} Kf8 {[%emt 0:00:19]} 41. Bf6 {[%emt 0:30:10]} Kg8 {[%emt 0:30:10]} 42. Kh4 {[%emt 0:00:27]} Kh7 {[%emt 0:00:21]} 43. f4 {[%emt 0:01:38]} Kg6 {[%emt 0:00:36]} 44. g4 {[%emt 0:00:21]} Bc2 {[%emt 0:00:09]} 45. f5+ {[%emt 0:00:24]} Kh7 {[%emt 0:00:12]} 46. Kg5 {[%emt 0:00:33]} Kg8 {[%emt 0:00:14]} 47. e6 {[%emt 0:01:33]} fxe6 {[%emt 0:01:11]} 48. fxe6 {[%emt 0:00:23]} Kf8 {[%emt 0:00:23]} 49. Kf4 {[%emt 0:01:07]} Ke8 {[%emt 0:00:37]} 50. Ke5 {[%emt 0:00:22]} Be4 {[%emt 0:00:41]} 51. Bh4 {[%emt 0:00:35]} Bf3 {[%emt 0:00:52]} 52. g5 {[%emt 0:00:17]} Be4 {[%emt 0:00:37]} 53. Kf6 {[%emt 0:00:11]} Bh7 {[%emt 0:00:15]} 54. g6 {[%emt 0:00:57]} Bg8 {[%emt 0:00:08]} 55. Ke5 {[%emt 0:00:29]} a6 {[%emt 0:00:48]} 56. Bf6 {[%emt 0:00:08]} Kf8 {[%emt 0:00:50]} 57. Kxd5 {[%emt 0:00:22]} Ke8 {[%emt 0:00:15]} 58. Ke5 1-0

[Event "WJCC U20 Girls 2019"]
[Site "New Delhi"]
[Date "2019.10.17"]
[Round "3.47"]
[White "Djuric, Anja"]
[Black "Rathi Dhanashree"]
[Result "1-0"]
[WhiteElo "1493"]
[BlackElo "1692"]
[Annotator "NA"]
[PlyCount "103"]
[EventDate "2019.10.15"]
[EventType "swiss"]
[EventCountry "IND"]
[SourceTitle "playchess.com"]
[Source "ChessBase"]
[SourceQuality "1"]
[TimeControl "40/5400+30:1800+30"]

1. e4 {[%emt 0:00:00]} c5 {[%emt 0:00:00]} 2. c3 {[%emt 0:00:00]} Nf6 {[%emt 0:00:08]} 3. e5 {[%emt 0:00:36]} Nd5 {[%emt 0:00:26]} 4. Bc4 {[%emt 0:00:56]} Qc7 {[%emt 0:04:03]} 5. Nf3 {[%emt 0:01:22]} Nb6 {[%emt 0:01:45]} 6. Bb3 {[%emt 0:01:31]} c4 {[%emt 0:02:21]} 7. Bc2 {[%emt 0:00:10]} Nc6 {[%emt 0:00:10]} 8. Qe2 {[%emt 0:01:46]} e6 {[%emt 0:02:46]} 9. O-O {[%emt 0:01:44]} a6 {[%emt 0:01:57]} 10. Re1 {[%emt 0:03:46]} d5 {[%emt 0:03:55]} 11. exd6 {[%emt 0:01:24]} Bxd6 {[%emt 0:00:14]} 12. d3 {[%emt 0:01:30]} cxd3 {[%emt 0:00:45]} 13. Qxd3 {[%emt 0:01:02]} Ne5 {[%emt 0:04:04]} 14. Nxe5 {[%emt 0:00:58]} Bxe5 {[%emt 0:00:10]} 15. h3 {[%emt 0:00:08]} Bd7 {[%emt 0:01:24]} 16. Be3 {[%emt 0:01:21]} Nd5 {[%emt 0:04:14]} 17. Bd4 {[%emt 0:04:10]} Bf6 {[%emt 0:15:07]} 18. Bxf6 {[%emt 0:05:21]} Nxf6 {[%emt 0:00:17]} 19. Nd2 {[%emt 0:01:38]} Bc6 {[%emt 0:01:53]} 20. Nf3 {[%emt 0:03:16]} Rd8 {[%emt 0:09:51]} 21. Qe3 {[%emt 0:01:17]} O-O {[%emt 0:03:52]} 22. Rad1 {[%emt 0:01:46]} Nd5 {[%emt 0:06:44]} 23. Qe4 {[%emt 0:05:42]} g6 {[%emt 0:03:48]} 24. Qh4 {[%emt 0:02:18]} Kg7 {[%emt 0:02:08]} 25. Ng5 {[%emt 0:01:36]} h6 {[%emt 0:01:20]} 26. Ne4 {[%emt 0:00:52]} Qf4 {[%emt 0:03:44]} 27. Qxf4 {[%emt 0:01:21]} Nxf4 {[%emt 0:00:06]} 28. Kh2 {[%emt 0:01:14]} Rxd1 {[%emt 0:08:53]} 29. Rxd1 {[%emt 0:00:41]} f5 {[%emt 0:02:08]} 30. Nc5 {[%emt 0:01:29]} Rc8 {[%emt 0:03:18]} 31. g3 {[%emt 0:01:46]} Bd5 {[%emt 0:03:14]} 32. Nxb7 {[%emt 0:02:33]} Bxb7 {[%emt 0:05:13]} 33. gxf4 {[%emt 0:00:27]} Bd5 {[%emt 0:00:06]} 34. a3 {[%emt 0:00:24]} Rc4 {[%emt 0:00:43]} 35. Kg3 {[%emt 0:00:52]} h5 {[%emt 0:01:11]} 36. Rd4 {[%emt 0:06:05]} Rxd4 {[%emt 0:01:10]} 37. cxd4 {[%emt 0:00:06]} a5 {[%emt 0:00:01]} 38. b4 {[%emt 0:00:40]} axb4 {[%emt 0:01:49]} 39. axb4 {[%emt 0:00:06]} Kf6 {[%emt 0:00:22]} 40. b5 {[%emt 0:01:41]} Ke7 {[%emt 0:02:26]} 41. Kh4 {[%emt 0:30:18]} Bg2 {[%emt 0:30:52]} 42. Ba4 {[%emt 0:05:07]} Kd8 {[%emt 0:00:57]} 43. b6 {[%emt 0:00:43]} Kc8 {[%emt 0:00:25]} 44. Be8 {[%emt 0:00:53]} Kb7 {[%emt 0:00:40]} 45. Bxg6 {[%emt 0:00:11]} Kxb6 {[%emt 0:00:03]} 46. Bxh5 {[%emt 0:00:10]} Kb5 {[%emt 0:00:41]} 47. Kg3 {[%emt 0:00:19]} Bd5 {[%emt 0:01:04]} 48. Bf7 {[%emt 0:00:23]} Kc4 {[%emt 0:00:21]} 49. h4 {[%emt 0:00:07]} Kxd4 {[%emt 0:01:02]} 50. h5 {[%emt 0:00:02]} Be4 {[%emt 0:00:28]} 51. h6 {[%emt 0:00:21]} e5 {[%emt 0:00:15]} 52. h7 {[%emt 0:00:16]} 1-0

[Event "WJCC U20 Girls 2019"]
[Site "New Delhi"]
[Date "2019.10.17"]
[Round "4.1"]
[White "Altantuya, Boldbaatar"]
[Black "Katkov, Michelle"]
[Result "1-0"]
[WhiteElo "2277"]
[BlackElo "2106"]
[Annotator "TA"]
[PlyCount "39"]
[EventDate "2019.10.15"]
[EventType "swiss"]
[EventCountry "IND"]
[SourceTitle "playchess.com"]
[Source "ChessBase"]
[SourceQuality "1"]

{[%evp 17,61,-18,0,-29,-5,0,0,-32,-28,-37,25,-47,90,93,318,227,264,276,309,302,302,293,299,247,287,277,290,166,174,116,114,114,117,120,589,589,589,583,718,691,838,859,897,718,1020,859]} 1. d4 Nf6 2. Nf3 e6 3. g3 b6 4. Bg2 Bb7 5. c4 Bb4+ 6. Nc3 O-O 7. a3 Bxc3+ 8. bxc3 d6 9. O-O Nbd7 10. Qc2 {E21: Nimzo-Indian: 4 Nf3} (10. a4 a5 11. Ba3 Be4 12. Nd2 Bxg2 13. Kxg2 Re8 14. e4 e5 15. d5 Qc8 16. Qe2 Nb8 17. h3 Na6 {1-0 (52) Snorek,M (1973)-Kredl,K (2124) Brno 2018}) 10... e5 11. a4 $146 ({Predecessor:} 11. Nh4 Bxg2 12. Nxg2 Re8 13. Re1 h6 14. e4 Nf8 15. f3 Ne6 16. Be3 {1-0 (37) Koch,W (1858)-Fleischer,E (1843) Ascona 2005}) 11... a5 12. Ba3 {The position is equal.} Re8 13. Rfd1 Ba6 ({Black should try} 13... h6 $15) 14. dxe5 ({White should play} 14. Nd2 $11) 14... dxe5 (14... Nxe5 $15 {stays ahead.} 15. Nxe5 Rxe5) 15. Ng5 $16 Ra7 $2 (15... c5 $16) 16. Bc6 {And now Rxd7! would win.} ({Don't do} 16. Bd5 c5 $18) 16... Bc8 17. Bd5 Re7 18. Bxe7 Qxe7 19. Bxf7+ Kf8 {and if ...h6 works, Black does fine.} 20. Be6 {Played: Bf7-d5} 1-0